• 首页
  • 本馆介绍
  • 公告通知
  • 最新文献
  • 馆藏检索
  • 电子资源
  • 读者导购
  • 参考咨询
  • 我的图书馆
  • 登录
  • 详细信息显示
  • 放入我的书架
  • 预约/预借图书
  • 作者相关作品
  • 分类相关作品
  • 丛书相关作品
  • 出版社相关作品

书目信息

  • 表格格式
  • 工作单格式
  • 卡片格式
题名:
变电设备带电检测典型案例分析
    
 
作者: 于德明 主编 ;国网冀北电力有限公司 组编
分册:  
出版信息: 北京   中国电力出版社  2019
页数: 154页
开本: 23cm
丛书名:
单 册:
中图分类: TM93
科图分类:
主题词: 变电所--bian dian suo--电气设备--带电测量--案例
电子资源:
ISBN: 978-7-5198-0228-8
000 01089nam0 2200265 45
001 012001003567
005 20140102133801.0
010    @a978-7-5198-0228-8@dCNY70.00
099    @aCAL 012017095480
100    @a20170615d2017 em y0chiy50 ea
101 0  @achi
102    @aCN@b110000
105    @aak z 000yy
106    @ar
200 1  @a变电设备带电检测典型案例分析@Abian dian she bei dai dian jian ce dian xing an li fen xi@f国网冀北电力有限公司组编
210    @a北京@c中国电力出版社@d2019
215    @a154页@c彩图@d23cm
314    @a主要责任者取自于书中
330    @a本书汇集近几年来国网冀北电力有限公司通过带电检测手段发现的典型缺陷和故障近60例,按照检测手段的不同分为6章,分别为红外热成像检测,GIS、罐式断路器局部放电检测,开关柜带电检测,红外检漏、SF6气体检测,油色谱检测、分析和其他检测技术。
606 0  @a变电所@Abian dian suo@x电气设备@x带电测量@x案例
690    @aTM93@v5
701  0 @a于德明@Ayu de ming@4主编
712 02 @a国网冀北电力有限公司@Aguo wang ji bei dian li you xian gong si@4组编
801  2 @aCN@b北京卓展@c20191020
905    @b1212129-32@dTM93@e100@f4
    
    变电设备带电检测典型案例分析/国网冀北电力有限公司组编.-北京:中国电力出版社,2019
    154页:彩图;23cm
    
    
    ISBN 978-7-5198-0228-8:CNY70.00
    本书汇集近几年来国网冀北电力有限公司通过带电检测手段发现的典型缺陷和故障近60例,按照检测手段的不同分为6章,分别为红外热成像检测,GIS、罐式断路器局部放电检测,开关柜带电检测,红外检漏、SF6气体检测,油色谱检测、分析和其他检测技术。
●
相关链接 在E读中查询图书 在五车中查询图书 在当当中查询图书 在豆瓣中查询图书


正题名:变电设备带电检测典型案例分析     索取号:TM93/100         预约/预借

序号 登录号 条形码 馆藏地/架位号 状态 备注
1 1212129   212121292   第二样本阅览室/ [索取号:TM93/100] 在馆    
2 1212130   212121309   第三借阅区/ [索取号:TM93/100] 在馆    
3 1212131   212121318   第三借阅区/ [索取号:TM93/100] 在馆    
4 1212132   212121327   第三借阅区/ [索取号:TM93/100] 在馆    
唐山师范学院图书馆 欢迎您!
大连网信软件有限公司© 版权所有